[Event "World Corporate East C"]
[Site "Chess.com INT"]
[Date "2021.02.20"]
[Round "5.6"]
[White "Maugenest, Thibaut"]
[Black "Shlauzer, Andrey"]
[Result "0-1"]
[WhiteElo "1689"]
[BlackElo "2122"]
[PlyCount "70"]
[EventDate "2021.02.19"]
[EventType "team (rapid)"]
[EventRounds "7"]
[EventCountry "USA"]
[SourceTitle "EXT 2022"]
[Source "ChessBase"]
[SourceDate "2021.10.06"]
[SourceVersion "1"]
[SourceVersionDate "2021.10.06"]
[SourceQuality "1"]
[WhiteTeam "Arcelormittal"]
[BlackTeam "Tensor"]
[WhiteTeamCountry "FRA"]
[BlackTeamCountry "RUS"]

1. Nf3 d5 2. g3 Nf6 3. Bg2 c6 4. d3 g6 5. 0-0 Bg7 6. c3 0-0 7. Re1 Re8 8. Nbd2 Qb6 9. e4 dxe4 10. dxe4 Bg4 11. h3 Bxf3 12. Nxf3 Rd8 13. Qe2 Qa6 14. c4 Ne8 15. e5 Nc7 16. b3 Ne6 17. Bg5 Kf8 18. Rad1 Nd7 19. h4 Qa5 20. b4 Qxb4 21. Rb1 Qa5 22. Rxb7 h6 23. Bd2 Qxa2 24. Rbb1 Ndc5 25. Ra1 Qc2 26. Rec1 Qd3 27. Qe3 Qxe3 28. Bxe3 Nb3 29. c5 Nxc1 30. Rxc1 a5 31. Bf4 a4 32. Ne1 Ra6 33. Nc2 Rb8 34. Ne3 a3 35. Ng4 a2 0-1

[Event "Abaza op"]
[Site "Abaza"]
[Date "2012.07.27"]
[Round "7"]
[White "Shlauzer, Andrey"]
[Black "Sergeev, Ilya"]
[Result "1-0"]
[WhiteElo "2049"]
[BlackElo "2034"]
[PlyCount "43"]
[EventDate "2012.07.21"]
[EventType "swiss"]
[EventRounds "9"]
[EventCountry "RUS"]
[SourceTitle "CBM 149 Extra"]
[Source "ChessBase"]
[SourceDate "2012.08.24"]
[SourceVersion "1"]
[SourceVersionDate "2012.08.24"]
[SourceQuality "1"]

1. e4 d6 2. d4 Nf6 3. Nc3 e5 4. Nf3 Nbd7 5. Bc4 Be7 6. 0-0 0-0 7. Re1 c6 8. a4 exd4 9. Nxd4 Ne5 10. Ba2 Re8 11. h3 Bd7 12. Be3 Bf8 13. f4 Ng6 14. Qd3 Qa5 15. Nf3 h6 16. e5 dxe5 17. Qxg6 Nd5 18. Qd3 e4 19. Nxe4 Nxe3 20. Qxd7 Rxe4 21. Qxf7+ Kh7 22. Ng5+ 1-0

[Event "Moscow op-E"]
[Site "Moscow"]
[Date "2011.02.05"]
[Round "8.191"]
[White "Shlauzer, Andrey"]
[Black "Maltsev, Leonid"]
[Result "0-1"]
[WhiteElo "2043"]
[BlackElo "1852"]
[PlyCount "74"]
[EventDate "2011.01.29"]
[EventType "swiss"]
[EventRounds "9"]
[EventCountry "RUS"]
[SourceTitle "EXT 2022"]
[Source "ChessBase"]
[SourceDate "2021.10.06"]
[SourceVersion "1"]
[SourceVersionDate "2021.10.06"]
[SourceQuality "1"]

1. e4 Nc6 2. d4 d5 3. Nc3 e5 4. exd5 Nxd4 5. Be3 Bc5 6. Nge2 Qf6 7. Ne4 Qg6 8. N2g3 Bb6 9. c3 Nf5 10. Bb5+ Kf8 11. Bxb6 axb6 12. 0-0 Nxg3 13. Nxg3 Ne7 14. Re1 Qd6 15. Bc4 f5 16. Qe2 e4 17. f3 e3 18. Rf1 f4 19. Ne4 Qe5 20. g4 h5 21. g5 Nf5 22. Kh1 Nd6 23. Nxd6 Qxd6 24. Qd3 Qe5 25. Qe4 Qxg5 26. Rg1 Qf6 27. Rg6 Qf5 28. Rf1 Rh6 29. Rxh6 gxh6 30. Qd4 Bd7 31. Qh8+ Ke7 32. Qxa8 b5 33. d6+ cxd6 34. Bxb5 Qxb5 35. Rg1 Bg4 36. fxg4 Qd5+ 37. Rg2 e2 0-1

[Event "Moscow op-E"]
[Site "Moscow"]
[Date "2011.01.30"]
[Round "2.204"]
[White "Shlauzer, Andrey"]
[Black "Radchenko, Grigory"]
[Result "1-0"]
[WhiteElo "2043"]
[BlackElo "1797"]
[PlyCount "84"]
[EventDate "2011.01.29"]
[EventType "swiss"]
[EventRounds "9"]
[EventCountry "RUS"]
[SourceTitle "EXT 2022"]
[Source "ChessBase"]
[SourceDate "2021.10.06"]
[SourceVersion "1"]
[SourceVersionDate "2021.10.06"]
[SourceQuality "1"]

1. e4 b6 2. d4 e6 3. Bd3 Be7 4. Nf3 c6 5. 0-0 d5 6. e5 Ba6 7. Bxa6 Nxa6 8. Qe2 Nc7 9. c3 b5 10. b3 a6 11. Na3 h6 12. Nc2 g5 13. Nfe1 a5 14. f4 h5 15. Qf2 Nh6 16. Nd3 g4 17. Ne3 Nf5 18. Qc2 Qd7 19. Nxf5 exf5 20. e6 fxe6 21. Ne5 Qd6 22. a4 b4 23. cxb4 axb4 24. Nxc6 Bf6 25. Ne5 Bxe5 26. fxe5 Qb6 27. Be3 Kd7 28. Rac1 Rac8 29. Qf2 Na6 30. Qh4 Rc3 31. Qf6 Rb8 32. Qf7+ Kc8 33. a5 Qc6 34. Bd2 Nc7 35. Qf8+ Ne8 36. Bxc3 bxc3 37. b4 Rxb4 38. Qxb4 c2 39. Qb3 Kd7 40. Qxc2 Qa6 41. Qc5 h4 42. Qb6 Qa8 1-0

[Event "Berdsk Maestro op 16th"]
[Site "Berdsk"]
[Date "2010.07.11"]
[Round "4"]
[White "Puraev, Artemiy"]
[Black "Shlauzer, Andrey"]
[Result "1-0"]
[WhiteElo "2127"]
[BlackElo "2052"]
[PlyCount "45"]
[EventDate "2010.07.08"]
[EventType "swiss"]
[EventRounds "9"]
[EventCountry "RUS"]
[SourceTitle "EXT 2011"]
[Source "ChessBase"]
[SourceDate "2010.11.26"]
[SourceVersion "1"]
[SourceVersionDate "2010.11.26"]
[SourceQuality "1"]

1. d4 d5 2. c4 c6 3. cxd5 cxd5 4. Nc3 Nf6 5. Nf3 Nc6 6. Bf4 a6 7. Rc1 Bf5 8. e3 Rc8 9. Be2 e6 10. 0-0 Be7 11. Qb3 Na5 12. Qa4+ Kf8 13. Ne5 b5 14. Nxb5 axb5 15. Bxb5 g5 16. Rxc8 Qxc8 17. Bxg5 Nb7 18. e4 Bxe4 19. Rc1 Qd8 20. Bh6+ Kg8 21. Nc6 Qd6 22. Nxe7+ Qxe7 23. Qa8+ 1-0

[Event "Berdsk Maestro op 15th"]
[Site "Berdsk"]
[Date "2009.07.16"]
[Round "9"]
[White "Shlauzer, Andrey"]
[Black "Latyev, Viktor"]
[Result "0-1"]
[WhiteElo "2059"]
[BlackElo "1855"]
[PlyCount "60"]
[EventDate "2009.07.08"]
[EventType "swiss"]
[EventRounds "9"]
[EventCountry "RUS"]
[SourceTitle "EXT 2022"]
[Source "ChessBase"]
[SourceDate "2021.10.06"]
[SourceVersion "1"]
[SourceVersionDate "2021.10.06"]
[SourceQuality "1"]

1. e4 c5 2. Nf3 d6 3. d4 cxd4 4. Nxd4 Nf6 5. Nc3 a6 6. Bg5 e6 7. f4 Qb6 8. Qd2 Qxb2 9. Rb1 Qa3 10. f5 b5 11. fxe6 fxe6 12. Be2 Qc5 13. Nb3 Qc7 14. Bxf6 gxf6 15. Bh5+ Kd8 16. 0-0 Be7 17. Nd4 Qc5 18. Ncxb5 Nc6 19. c3 e5 20. Bf7 axb5 21. Rxb5 Qa7 22. Bd5 Bd7 23. Qh6 exd4 24. cxd4 Qxd4+ 25. Kh1 Ne5 26. Qg7 Rf8 27. Rb3 Rc8 28. Qxh7 f5 29. Qg7 Nf3 30. Qh6 Rh8 0-1

[Event "Berdsk Maestro op 15th"]
[Site "Berdsk"]
[Date "2009.07.14"]
[Round "7"]
[White "Shlauzer, Andrey"]
[Black "Sviridov, Valery"]
[Result "0-1"]
[WhiteElo "2059"]
[BlackElo "2218"]
[PlyCount "112"]
[EventDate "2009.07.08"]
[EventType "swiss"]
[EventRounds "9"]
[EventCountry "RUS"]
[SourceTitle "EXT 2022"]
[Source "ChessBase"]
[SourceDate "2021.10.06"]
[SourceVersion "1"]
[SourceVersionDate "2021.10.06"]
[SourceQuality "1"]

1. e4 Nf6 2. Nc3 d5 3. e5 d4 4. exf6 dxc3 5. fxg7 cxd2+ 6. Bxd2 Bxg7 7. Rb1 Bf5 8. Nf3 Nc6 9. Bc4 e6 10. 0-0 0-0 11. Qc1 Qe7 12. Bh6 Bxh6 13. Qxh6 Bxc2 14. Rbc1 Bf5 15. Rc3 Rfd8 16. Nh4 Bg6 17. Nxg6 hxg6 18. Rh3 Qf6 19. Bxe6 Qg7 20. Bxf7+ Kxf7 21. Qf4+ Ke8 22. Re1+ Ne7 23. Rhe3 Rd7 24. Qa4 c6 25. Qb3 Rad8 26. h3 Rc7 27. Qe6 Rd5 28. Rb3 b6 29. Rbe3 Qf7 30. Qg4 Rcd7 31. Qg3 Kf8 32. Qh4 Rh5 33. Qb4 c5 34. Qe4 Nd5 35. g4 Re7 36. Qg2 Nxe3 37. fxe3 Rhe5 38. Rf1 Rxe3 39. Rxf7+ Kxf7 40. Qd5+ Kg7 41. Qd6 R3e6 42. Qd3 Re5 43. h4 Re4 44. Qf3 Re3 45. Qf4 Re2 46. g5 Rf7 47. Qg3 Re4 48. Qc3+ Kh7 49. Qa3 Rff4 50. Qh3 Rf5 51. Qd3 Rg4+ 52. Kh2 Rxh4+ 53. Kg3 Rd4 54. Qe3 Rd7 55. Kg4 Rfd5 56. Qe8 Rd4+ 0-1

[Event "Berdsk Maestro op 15th"]
[Site "Berdsk"]
[Date "2009.07.12"]
[Round "5"]
[White "Shlauzer, Andrey"]
[Black "Zhang Yushkov, Nikolai"]
[Result "1/2-1/2"]
[WhiteElo "2059"]
[BlackElo "2194"]
[PlyCount "71"]
[EventDate "2009.07.08"]
[EventType "swiss"]
[EventRounds "9"]
[EventCountry "RUS"]
[SourceTitle "EXT 2022"]
[Source "ChessBase"]
[SourceDate "2021.10.06"]
[SourceVersion "1"]
[SourceVersionDate "2021.10.06"]
[SourceQuality "1"]

1. e4 e6 2. d4 d5 3. e5 c5 4. c3 Nc6 5. Nf3 cxd4 6. cxd4 Nge7 7. Be2 Nf5 8. b3 h5 9. h4 Qb6 10. Bb2 Bb4+ 11. Kf1 Bd7 12. g3 a5 13. Kg2 Be7 14. a4 f6 15. Bb5 fxe5 16. Bxc6 bxc6 17. Nxe5 Bf6 18. Re1 Bxe5 19. Rxe5 Rb8 20. Ra3 c5 21. dxc5 Qxc5 22. Nc3 0-0 23. Qe2 Nd4 24. Qxh5 Nxb3 25. Nd1 Nd2 26. Rc3 Nc4 27. Ba3 Qd4 28. Bxf8 Rxf8 29. Rg5 Bxa4 30. Qg6 Bxd1 31. Qxe6+ Kh7 32. Qxd5 Rxf2+ 33. Kh3 Qxc3 34. Qxd1 Ne3 35. Qh5+ Kg8 36. Qe8+ 1/2-1/2

[Event "Berdsk Maestro op 15th"]
[Site "Berdsk"]
[Date "2009.07.09"]
[Round "2"]
[White "Gorkov, Timofey"]
[Black "Shlauzer, Andrey"]
[Result "1/2-1/2"]
[WhiteElo "2101"]
[BlackElo "2059"]
[PlyCount "92"]
[EventDate "2009.07.08"]
[EventType "swiss"]
[EventRounds "9"]
[EventCountry "RUS"]
[SourceTitle "EXT 2022"]
[Source "ChessBase"]
[SourceDate "2021.10.06"]
[SourceVersion "1"]
[SourceVersionDate "2021.10.06"]
[SourceQuality "1"]

1. e4 c5 2. Nc3 Nc6 3. f4 g6 4. Nf3 Bg7 5. Bc4 d6 6. 0-0 Nf6 7. f5 gxf5 8. d3 a6 9. a4 fxe4 10. Ng5 Ne5 11. Ncxe4 d5 12. Bf4 Nxc4 13. Nxf6+ Bxf6 14. dxc4 h6 15. Nxf7 Kxf7 16. Qh5+ Kf8 17. Bxh6+ Rxh6 18. Qxh6+ Ke8 19. Qh5+ Kd7 20. Qxd5+ Kc7 21. Qxc5+ Kb8 22. Rad1 Qh8 23. c3 Be5 24. h3 Bd6 25. Rxd6 exd6 26. Qxd6+ Ka7 27. Rf8 Qg7 28. Qd4+ Qxd4+ 29. cxd4 Bd7 30. Rxa8+ Kxa8 31. a5 Kb8 32. Kf2 Kc7 33. Ke3 Kd6 34. g4 Ba4 35. b4 Bb3 36. Kd3 Ke6 37. b5 axb5 38. cxb5 Kd5 39. a6 bxa6 40. bxa6 Bc4+ 41. Ke3 Bxa6 42. Kf4 Kxd4 43. g5 Bd3 44. h4 Bg6 45. Kg4 Ke4 46. h5 Be8 1/2-1/2

[Event "Berdsk Maestro op 14th"]
[Site "Berdsk"]
[Date "2008.07.14"]
[Round "7"]
[White "Popov, Danil"]
[Black "Shlauzer, Andrey"]
[Result "1/2-1/2"]
[WhiteElo "1741"]
[BlackElo "2108"]
[PlyCount "69"]
[EventDate "2008.07.08"]
[EventType "swiss"]
[EventRounds "9"]
[EventCountry "RUS"]
[SourceTitle "CBM 125 Extra"]
[Source "ChessBase"]
[SourceDate "2008.09.01"]
[SourceVersion "1"]
[SourceVersionDate "2008.09.01"]
[SourceQuality "1"]

1. d4 d5 2. c4 c6 3. Nc3 Nf6 4. Bg5 Ne4 5. Nxe4 dxe4 6. Qd2 Be6 7. e3 g6 8. f3 exf3 9. Nxf3 Bg7 10. e4 0-0 11. Be2 Bg4 12. Rd1 Nd7 13. h3 Bxf3 14. Bxf3 f6 15. Be3 f5 16. exf5 Rxf5 17. 0-0 Qc7 18. Bg4 Rxf1+ 19. Rxf1 Nf6 20. Be6+ Kh8 21. Qb4 b6 22. Bf4 Qb7 23. Be5 Rd8 24. g4 h6 25. Qc3 Kh7 26. Qd3 Rf8 27. h4 c5 28. d5 Nd7 29. Bf4 Bd4+ 30. Kh2 Rxf4 31. Rxf4 Be5 32. h5 Bxf4+ 33. Kg2 Nf8 34. hxg6+ Nxg6 35. Qf5 1/2-1/2